| 000 | 00419nam a2200181Ia 4500 | ||
|---|---|---|---|
| 005 | 20250425161323.0 | ||
| 008 | 250425s9999 xx 000 0 und d | ||
| 041 | _aspa | ||
| 082 | _a620.136 | ||
| 100 | _aAYON JO, HECTOR | ||
| 245 | 0 | _aLOS AGREGADOS PARA HORMIGON | |
| 250 | _a1A ED. | ||
| 260 |
_aEcuador _bESPOL _c1979 |
||
| 260 | _aGUAYAQUIL | ||
| 500 | _aCOLECCIÓN ESPOL | ||
| 942 | _c01 | ||
| 010 | _a17656 | ||
| 999 |
_c206840 _d206840 |
||